Safe, strong & streetwise /

Section titles include "Who Would Hurt You and Why," "Your Sexual Rights and Responsibilities," "Protecting Yourself Inside," "Self-defense," and "Getting Help." Includes an appendix for parents.

Bibliographic Details
Main Author: Benedict, Helen
Format: Book
Language:English
Published: Boston : Little, Brown, [1987]
Edition:1st ed.
Subjects:

MARC

Tag First Indicator Second Indicator Subfields
LEADER 00000cam a2200000 a 4500
001 in00000014473
005 20151007052225.0
008 860404s1987 mau j 00010 eng
010 |a  86008002  
020 |a 0316088994 :  |c $14.95 
020 |a 0316089001 (pbk.) :  |c $5.95 
020 |z 0871130998 :  |c $13.95 
035 |a (OCoLC)13455570 
035 |9 AAA6842AM 
040 |a DLC  |c DLC  |d TXA  |d UtOrBLW 
043 |a n-us--- 
049 |a [Curr Col] TXAM  |c [A12607417] 
050 0 0 |a HQ72.U53  |b B46 1987 
082 0 |a 362.7/044  |2 19 
100 1 |a Benedict, Helen. 
245 1 0 |a Safe, strong & streetwise /  |c by Helen Benedict. 
250 |a 1st ed. 
264 1 |a Boston :  |b Little, Brown,  |c [1987] 
264 4 |c ©1987 
300 |a xi, 176 pages ;  |c 22 cm. 
336 |a text  |b txt  |2 rdacontent 
337 |a unmediated  |b n  |2 rdamedia 
338 |a volume  |b nc  |2 rdacarrier 
500 |a "Joy Street books." 
520 |a Section titles include "Who Would Hurt You and Why," "Your Sexual Rights and Responsibilities," "Protecting Yourself Inside," "Self-defense," and "Getting Help." Includes an appendix for parents. 
650 0 |a Child sexual abuse  |z United States  |x Juvenile literature. 
650 0 |a Child sexual abuse  |z United States  |x Prevention  |x Juvenile literature. 
650 1 |a Sexual child abuse. 
650 1 |a Sexual child abuse  |x Prevention. 
650 1 |a Sex crimes  |x Prevention. 
650 1 |a Safety. 
740 0 |a Safe, strong, and streetwise. 
999 |a MARS 
999 f f |s df39690f-c9ac-3160-87a3-49ebae51ca80  |i 6fa133d8-8622-3695-bd0d-9ad0c8032c4e  |t 0 
952 f f |p ric  |a Texas A&M University  |b Rellis Campus  |c Joint Library Facility  |d Remote Storage  |t 0  |e HQ72.U53 B46 1987  |h Library of Congress classification  |i unmediated -- volume  |m A14812607417 
998 f f |a HQ72.U53 B46 1987  |t 0  |l Remote Storage